| 000 | 00328nam a2200121Ia 4500 | ||
|---|---|---|---|
| 005 | 20251222144802.0 | ||
| 008 | 251222s9999||||xx |||||||||||||| ||spa|| | ||
| 082 | _a371.2/G84 | ||
| 100 | _aGuarnizo Olivera, Carlos A. | ||
| 245 | 0 | _aPlaneamiento Estratégico | |
| 264 | _bPontificia Universidad Católica Del Perú | ||
| 942 | _cLIB | ||
| 999 |
_c19765 _d19765 |
||